[Event "Komarom Esztergom County-chT"]
[Site "Hungary"]
[Date "2012.09.29"]
[Round "1.7"]
[White "Kovacs, Bence"]
[Black "Szakacs, Laszlo"]
[Result "1-0"]
[WhiteElo "1835"]
[BlackElo "1889"]
[PlyCount "47"]
[EventDate "2012.09.29"]
[EventType "team-tourn"]
[EventRounds "10"]
[EventCountry "HUN"]
[SourceTitle "EXT 2014"]
[Source "ChessBase"]
[SourceDate "2013.11.20"]
[SourceVersion "1"]
[SourceVersionDate "2013.11.20"]
[SourceQuality "1"]
[WhiteTeam "Tata Naszaly"]
[BlackTeam "Acsi Kinizsi SC"]
[WhiteTeamCountry "HUN"]
[BlackTeamCountry "HUN"]

1. e4 c6 2. d4 d5 3. Nc3 dxe4 4. Nxe4 Bf5 5. Ng3 Bg6 6. h4 h6 7. Nf3 Nf6 8. h5 Bh7 9. Bd3 Bxd3 10. Qxd3 e6 11. Bd2 Bd6 12. 0-0-0 Bxg3 13. fxg3 Qd5 14. c4 Qe4 15. Qb3 b6 16. Rde1 Qg4 17. Bf4 Nxh5 18. Ne5 Qf5 19. Ref1 Nxf4 20. Rxf4 Qg5 21. Nxf7 Qe7 22. Nxh8 Nd7 23. Qf3 Qd6 24. Qh5+ 1-0